Une histoire des femmes en Europe : (des grottes aux Lumières) (notice n° 1707056)

détails MARC
000 -LEADER
fixed length control field 01710cam a2200157 4500500
005 - DATE AND TIME OF LATEST TRANSACTION
control field 20260322000532.0
041 ## - LANGUAGE CODE
Language code of text/sound track or separate title fre
042 ## - AUTHENTICATION CODE
Authentication code dc
100 10 - MAIN ENTRY--PERSONAL NAME
Personal name Lalanne, Sophie
Relator term author
245 00 - TITLE STATEMENT
Title Une histoire des femmes en Europe : (des grottes aux Lumières)
260 ## - PUBLICATION, DISTRIBUTION, ETC.
Name of publisher, distributor, etc. Armand Colin,<br/>
Date of publication, distribution, etc. 2024.<br/>
520 ## - SUMMARY, ETC.
Summary, etc. L’histoire des femmes et du genre est un domaine de recherche en plein essor. Elle est par ailleurs devenue un objet de réflexion publique. Afin de répondre à ce mouvement fort, cet ouvrage, pensé par un collectif d’historiennes et d’historiens, offre un regard éclairé sur la place, le rôle et l’image des femmes de la Préhistoire aux révolutions européennes de la fin du XVIIIe siècle à travers de nombreux documents textuels et iconographiques.Une histoire des femmes en Europe propose plus de cent cinquantendocuments historiques commentés qui traitent des aspirations et des obstacles à une égalité entre les sexes et permettent d’écrire l’histoire des femmes à travers les siècles, mais aussi de livrer les clés de la méthode d’analyse spécifique qui s’est élaborée durant les dernières décennies.Le sujet du volume présente un intérêt scientifique notable puisqu’il se situe dans deux domaines simultanément: une histoire des femmes qui s’inscrit dans la durée et mobilise des historiennes et des historiens de toutes les périodes comprises entre la Préhistoire et l’époque moderne, mais aussi une histoire commune de l’Europe.
700 10 - ADDED ENTRY--PERSONAL NAME
Personal name Lett, Didier
Relator term author
700 10 - ADDED ENTRY--PERSONAL NAME
Personal name Picco, Dominique
Relator term author
856 41 - ELECTRONIC LOCATION AND ACCESS
Uniform Resource Identifier <a href="https://shs.cairn.info/une-histoire-des-femmes-en-europe--9782200636531?lang=fr&redirect-ssocas=7080">https://shs.cairn.info/une-histoire-des-femmes-en-europe--9782200636531?lang=fr&redirect-ssocas=7080</a>

Pas d'exemplaire disponible.

PLUDOC

PLUDOC est la plateforme unique et centralisée de gestion des bibliothèques physiques et numériques de Guinée administré par le CEDUST. Elle est la plus grande base de données de ressources documentaires pour les Étudiants, Enseignants chercheurs et Chercheurs de Guinée.

Adresse

627 919 101/664 919 101

25 boulevard du commerce
Kaloum, Conakry, Guinée

Réseaux sociaux

Powered by Netsen Group @ 2025